Statistics for US national monuments

Click here to take the quiz!

General Stats

  • This quiz has been taken 193 times
    (171 since last reset)
  • The average score is 22 of 129

Answer Stats

State/TerritoryAgencyMonument% Correct
WyomingNPSDevils Tower
58%
VirginiaNPSGeorge Washington Birthplace
58%
VirginiaNPSBooker T. Washington
54%
New York & New JerseyNPSStatue of Liberty
44%
IdahoNPSCraters of the Moon
42%
Colorado & UtahNPSDinosaur
39%
UtahBLM, USFSBears Ears
37%
UtahBLMGrand Staircase-Escalante
35%
ArizonaBLM, NPSGrand Canyon-Parashant
34%
ColoradoNPSColorado
33%
UtahNPSCedar Breaks
30%
NebraskaNPSScotts Bluff
29%
ColoradoUSFSChimney Rock
28%
South DakotaNPSJewel Cave
28%
IowaNPSEffigy Mounds
27%
WashingtonUSFSMount St. Helens
27%
ArizonaNPSOrgan Pipe Cactus
27%
South CarolinaNPSFort Sumter
25%
Colorado & UtahNPSHovenweep
25%
UtahNPSRainbow Bridge
25%
CaliforniaNPSDevil’s Postpile
24%
ColoradoNPSFlorissant Fossil Beds
24%
OregonNPSJohn Day Fossil Beds
24%
MontanaNPSLittle Bighorn Battlefield
24%
UtahNPSNatural Bridges
24%
OregonNPSOregon Caves
23%
New MexicoBLMOrgan Mountains- Desert Peaks
23%
MinnesotaNPSPipestone
23%
ColoradoUSFS, BLMBrowns Canyon
22%
CaliforniaBLM, USFSSand to Snow
22%
TexasNPSWaco Mammoth
22%
AlaskaNPSAniakchak
20%
NevadaBLMBasin and Range
20%
ArizonaNPSCanyon de Chelly
20%
CaliforniaUSFSGiant Sequoia
20%
IdahoNPSHagerman Fossil Beds
20%
CaliforniaNPSMuir Woods
20%
New MexicoBLMRio Grande del Norte
20%
UtahNPSTimpanogos Cave
20%
NebraskaNPSAgate Fossil Beds
19%
New MexicoNPSEl Malpais
19%
MinnesotaNPSGrand Portage
19%
WashingtonBLMSan Juan Islands
19%
ArizonaBLMSonoran Desert
19%
New MexicoNPSCapulin Volcano
18%
New MexicoNPSGila Cliff Dwellings
18%
MaineNPSKatahdin Woods and Waters
18%
ArizonaNPSSunset Crater Volcano
18%
ArizonaNPSTonto
18%
MontanaBLMUpper Missouri River Breaks
18%
AlabamaNPSBirmingham Civil Rights
16%
ColoradoBLMCanyon of the Ancients
16%
Oregon & CaliforniaBLMCascade-Siskiyou
16%
ArizonaNPSChiricahua
16%
WashingtonFWS, DOEHanford Reach
16%
NebraskaNPSHomestead
16%
ArizonaNPSNavajo
16%
OregonUSFSNewberry
16%
MontanaBLMPompeys Pillar
16%
ArizonaBLMVermillion Cliffs
16%
ArizonaNPSWupatki
16%
New MexicoNPSAztec Ruins
15%
New MexicoNPSBandelier
15%
CaliforniaNPSCabrillo
15%
CaliforniaNPSCastle Mountains
15%
New MexicoNPSEl Morro
15%
WyomingNPSFossil Butte
15%
MissouriNPSGeorge Washington Carver
15%
NevadaBLMGold Butte
15%
CaliforniaNPSLava Beds
15%
AlaskaUSFSMisty Fjords
15%
CaliforniaBLMMojave Trails
15%
CaliforniaBLM, USFSSanta Rosa and San Jacinto Mountains
15%
AlaskaNPSCape Crusenstern
14%
AlabamaNPSFreedom Riders
14%
Northern Mariana Islands & GuamNOAA, FWSMarianas Trench
14%
ArizonaNPSMontezuma Castle
14%
ArizonaNPSPipe Spring
14%
LouisianaNPSPoverty Point
14%
New YorkNPSStonewall
14%
CaliforniaBLMCalifornia Coastal
13%
CaliforniaBLMCarrizo Plain
13%
ArizonaBLMIronwood Forest
13%
Not in a state or territoryNOAA, FWSNortheast Canyons and Seamounts
13%
New MexicoNPSPetroglyph
13%
ArizonaNPSTuzigoot
13%
ArizonaNPSWalnut Canyon
13%
Hawaii, Alaska, & CaliforniaNPS, FWSWorld War II Valor in the Pacific
13%
ColoradoNPSYucca House
13%
New YorkNPSAfrican Burial Ground
11%
CaliforniaUSFS, BLMBerryessa Snow Mountain
11%
ArizonaNPSCasa Grande Ruins
11%
New YorkNPSCastle Clinton
11%
OhioNPSCharles Young Buffalo Soldiers
11%
MarylandNPSFort McHenry
11%
CaliforniaBLMFort Ord
11%
New MexicoBLMPrehistoric Trackways
11%
American SamoaNOAA, FWSRose Atoll
11%
AlabamaNPSRussell Cave
11%
CaliforniaUSFSSan Gabriel Mountains
11%
TexasNPSAlibates Flint Quarries
10%
US Virgin IslandsNPSBuck Island Reef
10%
CaliforniaNPSCesar E. Chavez
10%
GeorgiaNPSFort Pulaski
10%
New YorkNPSGovernors Island
10%
TexasDODMilitary Working Dog Teams
10%
GeorgiaNPSOcmulgee
10%
IllinoisNPSPullman
10%
New MexicoNPSSalinas Pueblo Missions
10%
New YorkNPSFort Stanwix
9%
New MexicoNPSFort Union
9%
MarylandFWSHarriet Tubman Underground Railroad
9%
FloridaNPSCastillo de San Marcos
8%
New MexicoBLMKasha-Katuwe Tent Rocks
8%
South CarolinaNPSReconstruction Era
8%
NevadaNPSTule Springs Fossil Beds
8%
AlaskaUSFSAdmiralty Island
6%
ArizonaBLMAgua Fria
6%
DCNPSBelmont-Paul Women’s Equality
6%
KentuckyNPSCamp Nelson
6%
FloridaNPSFort Matanzas
6%
Not in a state or territoryNOAA, FWSPacific Remote Islands
6%
US Virgin IslandsNPSVirgin Islands Coral Reef
6%
VirginiaNPSFort Monroe
5%
GeorgiaNPSFort Frederica
4%
ArizonaNPSHokoham Pima
4%
DCAFRHPresident Lincoln and Soldier’s Home
4%
HawaiiNPSHonouliuli
3%
HawaiiNOAA, FWSPapahanaumokuakea
1%

Score Distribution

Percentile by Number Answered

Percent of People with Each Score

Your Score History

You have not taken this quiz since the last reset